LEADER 00860nam0-22003011i-450- 001 990000469690403321 005 20080729110300.0 035 $a000046969 035 $aFED01000046969 035 $a(Aleph)000046969FED01 035 $a000046969 100 $a20020821d1985----km-y0itay50------ba 101 0 $aita 105 $aa-------001yy 200 1 $aMetodologie di programmazinoe strutturata$emetodo Warnier$fFiorenza Scotti 210 $aMilano$cETAS Libri$d1985 215 $a207 p.$cill.$d22 cm 225 1 $aInformatica 610 0 $aProgrammazione strutturata 676 $a005 700 1$aScotti,$bFiorenza$0339851 801 0$aIT$bUNINA$gRICA$2UNIMARC 901 $aBK 912 $a990000469690403321 952 $a10 P.T. 438$b814 DIS$fDINEL 959 $aDINEL 996 $aMetodologie di programmazinoe strutturata$9331965 997 $aUNINA LEADER 01463nam 2200409Ia 450 001 996385805103316 005 20221108074557.0 035 $a(CKB)4940000000076641 035 $a(EEBO)2248560647 035 $a(OCoLC)ocm12350787e 035 $a(OCoLC)12350787 035 $a(EXLCZ)994940000000076641 100 $a19850805d1697 uy | 101 0 $aeng 135 $aurbn||||a|bb| 200 12$aA treatise of the causes of incredulity$b[electronic resource] $ewherein are examin'd the general motives and occasions which dispose unbelievers to reject the Christian religion : with two letters, containing a direct proof of the truth of Christianity /$ftranslated from the French of Monsieur Le Clerc 210 $aLondon $cPrinted for Awnsham and John Churchill ...$d1697 215 $aviii, 327, [1] p 300 $aReproduction of original in Union Theological Seminary Library, New York. 300 $aTable of contents: p. vii-viii. 300 $aAdvertisement: p. [1] at end. 330 $aeebo-0160 606 $aFaith$vEarly works to 1800 606 $aTruth 606 $aChristianity$vEarly works to 1800 615 0$aFaith 615 0$aTruth. 615 0$aChristianity 700 $aLe Clerc$b Jean$f1657-1736.$0291787 801 0$bEAA 801 1$bEAA 801 2$bUMI 801 2$bWaOLN 906 $aBOOK 912 $a996385805103316 996 $aA treatise of the causes of incredulity$92299961 997 $aUNISA